| Record ID | marc_columbia/Columbia-extract-20221130-002.mrc:234495807:1821 |
| Source | marc_columbia |
| Download Link | /show-records/marc_columbia/Columbia-extract-20221130-002.mrc:234495807:1821?format=raw |
LEADER: 01821cam a2200433 a 4500
001 685889
005 20200519102628.0
008 871127s1987 it a c 000 0 eng
010 $a 87206125
020 $a8870570703$q(pbk.)
020 $a9788870570700$q(pbk.)
035 $a(OCoLC)18292446
035 $a(NNC)685889
040 $aDLC$beng$cDLC$dOCLCQ$dBTCTA$dYDXCP$dCUS$dOCLCO$dOCLCF$dOCLCQ$dOCLCO$dOCLCQ$dOCL$dOCLCQ$dOCLCA
041 0 $aeng$aita
043 $an-us-ca
050 04 $aNC998.5.C2$bP34 1987
082 0 $a741.6/09794/0740531$219
245 00 $aPacific wave :$bCalifornia graphic design /$ca cura di Giorgio Camuffo ; testi di April Greiman ... [et al. ; traduzioni, Massimo Giacometti, Rosalind Weaver].
260 $aUdine [Italy] :$bMagnus,$c1987.
300 $a160 pages :$bcolor illustrations ;$c29 cm
336 $atext$btxt$2rdacontent
337 $aunmediated$bn$2rdamedia
338 $avolume$bnc$2rdacarrier
500 $aEnglish and Italian; legends in English.
500 $aCatalogue of an exhibition held at the Museo Fortuny, Venice, Sept. 27-Dec. 27, 1987.
650 0 $aCommercial art$zCalifornia$xHistory$y20th century$vExhibitions.
650 0 $aVisual communication$xPsychological aspects$vExhibitions.
650 7 $aCommercial art.$2fast$0(OCoLC)fst00869331
650 7 $aVisual communication$xPsychological aspects.$2fast$0(OCoLC)fst01168004
651 7 $aCalifornia.$2fast$0(OCoLC)fst01204928
648 7 $a1900-1999$2fast
655 7 $aExhibition catalogs.$2fast$0(OCoLC)fst01424028
655 7 $aHistory.$2fast$0(OCoLC)fst01411628
700 1 $aCamuffo, Giorgio.
700 1 $aGreiman, April.
710 2 $aMuseo Fortuny.
776 08 $iOnline version:$tPacific wave.$dUdine [Italy] : Magnus, 1987$w(OCoLC)895371963
852 00 $boff,fax$hNC998.5.C2$iP34 1987g